logo

Bir Sreshtho Munshi Abdur Rouf Library
Jhenaidah Cadet College

সানাউল হক রচনাবলী / (Record no. 10334)

MARC details
000 -LEADER
fixed length control field 00696nam a2200217 a 4500
001 - CONTROL NUMBER
JCCL Control Number 10334
003 - CONTROL NUMBER IDENTIFIER
JCCL marc code BD-JhCC
005 - DATE AND TIME OF LATEST TRANSACTION
control field 20180523104156.0
008 - FIXED-LENGTH DATA ELEMENTS--GENERAL INFORMATION
fixed length control field 180424s1998 bg |||| ||a| 000 0 ben d
035 ## - SYSTEM CONTROL NUMBER
system control number (BD-JhCC)10334
040 ## - CATALOGING SOURCE
Original cataloging agency BD-JhCC
Modifying agency BD-JhCC
041 ## - LANGUAGE CODE
Language code of Book ben
082 ## - DEWEY DECIMAL CLASSIFICATION NUMBER
Classification number 891.4415
Author mark and Year SAN 1998
245 ## - TITLE STATEMENT
Title সানাউল হক রচনাবলী /
Statement of responsibility, etc বিশ্বজিৎ ঘোষ (সম্পাদিত)
260 ## - PUBLICATION, DISTRIBUTION, ETC. (IMPRINT)
Place of publication, distribution, etc ঢাকা :
Name of publisher, distributor, etc বাংলা একাডেমী,
Date of publication, distribution, etc 1998
300 ## - PHYSICAL DESCRIPTION
Pagination 639 p. :
Dimensions 22 cm.
650 ## - SUBJECT ADDED ENTRY--TOPICAL TERM
Topical term or geographic name as entry element Collection of Works
700 ## - ADDED ENTRY--PERSONAL NAME
Personal name ঘোষ বিশ্বজিৎ (সম্পাদিত)
942 ## - ADDED ENTRY ELEMENTS (KOHA)
Source of classification or shelving scheme Dewey Decimal Classification
Koha item type Books
Holdings
Source of classification or shelving scheme volume number Damaged status Not for loan Home library Current library Shelving location Date of accession Cost, normal purchase price Total Checkouts Full call number Barcode Date last seen Copy number Koha item type
Dewey Decimal Classification V-1     JCC Rouf Library JCC Rouf Library General Stacks 04/24/2018 200.00   891.4415 SAN 1998 13706 04/24/2018 C - 1 Books
Dewey Decimal Classification V-1     JCC Rouf Library JCC Rouf Library General Stacks 04/24/2018 200.00   891.4415 SAN 1998 13705 04/24/2018 C - 2 Books

JCC Library | Contacts | JCC Home

Last Update on 23 September 2017
Copyright @ 2017-2020 JCC Rouf Library
Rouf Library, Jhenidah Cadet College (JCC), Bangladesh